| 000 | 00388nam a22001697a 4500 | ||
|---|---|---|---|
| 003 | SGT | ||
| 020 | _a9781835354742 | ||
| 082 |
_a616.5 _bC25W |
||
| 100 | _aWHITE, DONALD | ||
| 245 | _aCLINICAL PEDIATRICS DERMATOLOGY | ||
| 250 | _a1ST | ||
| 260 |
_aUK _bMED PLUS PUB _c2025 |
||
| 300 | _a253 | ||
| 650 | _aDERMATOLOGY | ||
| 653 | _aCLINICAL PEDIATRICS DERMATOLOGY | ||
| 942 |
_2ddc _cBK |
||
| 999 |
_c30586 _d30586 |
||